Meditaciones, segun las quatro semanas de los exercicios de san Ignacio de Loyola, fundador de la Compañia de Jesus

Detalles Bibliográficos
Formato: Libro
Lenguaje:Spanish
Publicado: s.l. s.a.
Materias:
Colección:Banco de datos
Acervo:Biblioteca de la Congregación del Oratorio de San Felipe Neri de México. Iglesia La Profesa
Descripción Física:t. 32°
Tema general:Ascética
Notas:Portada tipográfica con pleca en grabado xilográfico. Fecha de la licencia 1714. Texto a renglón seguido. Incluye cabecera de título en grabado xilográfico. Incluye capitular floreada en grabado xilográfico. Tomo con portada y numeración propias. Encuadernación en cartón con lomo en piel. Ex libris manuscrito en la portada: "Del Pe. Pomposo ... ". Sello en tinta del Oratorio de San Felipe Neri de México. Biblioteca La Profesa, D.F.
LEADER 01061nam a22001690004500
035 |a 2420 
041 0 |a spa 
245 1 0 |a Meditaciones, segun las quatro semanas de los exercicios de san Ignacio de Loyola, fundador de la Compañia de Jesus 
260 |a s.l.  |b s.n.]  |c s.a. 
300 |a  t.  |c 32° 
500 |a Portada tipográfica con pleca en grabado xilográfico. Fecha de la licencia 1714. Texto a renglón seguido. Incluye cabecera de título en grabado xilográfico. Incluye capitular floreada en grabado xilográfico. Tomo con portada y numeración propias. Encuadernación en cartón con lomo en piel. Ex libris manuscrito en la portada: "Del Pe. Pomposo ... ". Sello en tinta del Oratorio de San Felipe Neri de México. Biblioteca La Profesa, D.F. 
505 0 0 |a t. 1 Sobre la passion. Por el P. Martin de Raxas de la misma Compañia 
650 1 0 |a Ascética 
949 |a Iglesia La Profesa, Biblioteca t. 1 (4581) 
942 |c PROFESA 
943 |g Biblioteca de la Congregación del Oratorio de San Felipe Neri de México. Iglesia La Profesa 
999 |c 949231  |d 949231